000
00306nam a2200145Ia 4500
003
OSt
005
20240119125901.0
008
170523s9999 xx 000 0 und d
020
_a
978-0989701365
040
_c
IIMT
100
_a
HONEYCUTT
245
0
_a
SALES MANAGEMENT
260
_b
PHI
942
_2
ddc
_c
02
999
_c
1874
_d
1874